[Event "Storsjodraget 2022"]
[Site "Ostersund"]
[Date "2022.06.12"]
[Round "7"]
[Board "4"]
[White "Hagevi, Vidar"]
[Black "Sundin, Emanuel"]
[Result "0-1"]
[WhiteElo "1853"]
[BlackElo "2138"]
[PlyCount "0"]
[EventDate "2022.06.10"]
[EventRounds "7"]
[EventCountry "SWE"]

1. d4 {[%clk 01:30:51]} {[%emt 00:00:09]} d5 {[%clk 01:30:17]} {[%emt
00:00:44]} 2. Nc3 {[%clk 01:31:08]} {[%emt 00:00:12]} Nf6 {[%clk 01:30:18]}
{[%emt 00:00:29]} 3. Bf4 {[%clk 01:30:05]} {[%emt 00:01:33]} e6 {[%clk
01:29:34]} {[%emt 00:01:14]} 4. Nb5 {[%clk 01:30:06]} {[%emt 00:00:29]} Na6
{[%clk 01:29:48]} {[%emt 00:00:16]} 5. e3 {[%clk 01:30:15]} {[%emt 00:00:21]}
Be7 {[%clk 01:29:20]} {[%emt 00:00:58]} 6. Nf3 {[%clk 01:29:32]} {[%emt
00:01:13]} O-O {[%clk 01:28:15]} {[%emt 00:01:35]} 7. Bd3 {[%clk 01:25:03]}
{[%emt 00:04:59]} c6 {[%clk 01:26:06]} {[%emt 00:02:39]} 8. Nc3 {[%clk
01:24:21]} {[%emt 00:01:12]} Nb4 {[%clk 01:23:52]} {[%emt 00:02:44]} 9. O-O
{[%clk 01:19:03]} {[%emt 00:05:48]} Nxd3 {[%clk 01:17:52]} {[%emt 00:06:30]} 10.
cxd3 {[%clk 01:18:18]} {[%emt 00:01:15]} c5 {[%clk 01:17:08]} {[%emt 00:01:15]}
11. dxc5 {[%clk 01:09:08]} {[%emt 00:09:39]} Bxc5 {[%clk 01:16:52]} {[%emt
00:00:45]} 12. Rc1 {[%clk 01:06:10]} {[%emt 00:03:28]} b6 {[%clk 01:10:50]}
{[%emt 00:06:33]} 13. Ne5 {[%emt 00:19:07]} Bb7 {[%clk 00:45:02]} {[%emt
00:24:39]} 14. Qf3 {[%clk 00:34:22]} {[%emt 00:15:20]} Rc8 {[%clk 00:42:56]}
{[%emt 00:02:36]} 15. Rfd1 {[%clk 00:30:10]} {[%emt 00:04:42]} Nd7 {[%emt
00:15:06]} 16. d4 {[%clk 00:20:25]} Nxe5 {[%clk 00:37:25]} {[%emt 00:01:39]} 17.
Bxe5 {[%clk 00:20:15]} {[%emt 00:00:40]} Be7 {[%clk 00:37:41]} {[%emt
00:00:14]} 18. Qg4 {[%clk 00:18:19]} {[%emt 00:02:25]} g6 {[%clk 00:36:53]}
{[%emt 00:01:18]} 19. a3 {[%clk 00:15:19]} {[%emt 00:03:31]} Qd7 {[%clk
00:36:23]} {[%emt 00:01:00]} 20. Qe2 {[%clk 00:11:43]} {[%emt 00:04:05]} f6
{[%clk 00:35:33]} {[%emt 00:01:21]} 21. Bg3 {[%clk 00:11:57]} {[%emt 00:00:15]}
Kg7 {[%clk 00:35:12]} {[%emt 00:00:51]} 22. Rc2 {[%clk 00:11:12]} {[%emt
00:01:16]} Rc4 {[%clk 00:31:36]} {[%emt 00:04:06]} 23. Rdc1 {[%clk 00:10:20]}
{[%emt 00:01:22]} Rfc8 {[%clk 00:31:34]} {[%emt 00:00:31]} 24. Qd2 {[%clk
00:10:02]} {[%emt 00:00:47]} a5 {[%clk 00:29:03]} {[%emt 00:03:03]} 25. h4
{[%clk 00:04:43]} {[%emt 00:05:49]} h5 {[%clk 00:27:47]} {[%emt 00:01:46]} 26.
f3 {[%clk 00:04:30]} {[%emt 00:00:43]} b5 {[%clk 00:24:55]} {[%emt 00:03:23]}
27. Ne2 {[%clk 00:03:23]} {[%emt 00:01:36]} Rxc2 {[%clk 00:24:23]} {[%emt
00:01:02]} 28. Rxc2 {[%clk 00:03:41]} {[%emt 00:00:13]} Rxc2 {[%clk 00:24:26]}
{[%emt 00:00:25]} 29. Qxc2 {[%clk 00:03:59]} {[%emt 00:00:11]} Qc6 {[%clk
00:24:23]} {[%emt 00:00:34]} 30. Qxc6 {[%clk 00:03:31]} {[%emt 00:00:59]} Bxc6
{[%clk 00:24:51]} {[%emt 00:00:02]} 31. Bc7 {[%clk 00:03:10]} {[%emt 00:00:49]}
a4 {[%clk 00:22:11]} {[%emt 00:03:12]} 32. Ba5 {[%clk 00:02:55]} {[%emt
00:00:45]} g5 {[%clk 00:20:17]} {[%emt 00:02:24]} 33. g3 {[%clk 00:01:43]}
{[%emt 00:01:42]} Be8 {[%clk 00:19:12]} {[%emt 00:01:34]} 34. Bc3 {[%clk
00:01:09]} {[%emt 00:01:05]} Bg6 {[%clk 00:17:54]} {[%emt 00:01:47]} 35. Be1
{[%clk 00:00:48]} {[%emt 00:00:51]} Bd6 {[%clk 00:16:16]} {[%emt 00:02:09]} 36.
Nc3 {[%clk 00:00:54]} {[%emt 00:00:24]} Be8 {[%clk 00:16:41]} {[%emt 00:00:05]}
37. Kg2 {[%clk 00:00:50]} {[%emt 00:00:34]} Kg6 {[%clk 00:16:30]} {[%emt
00:00:40]} 38. Kf2 {[%clk 00:00:42]} {[%emt 00:00:39]} Bc6 {[%clk 00:15:40]}
{[%emt 00:01:20]} 39. Kg2 {[%clk 00:00:59]} {[%emt 00:00:13]} Bc7 {[%clk
00:14:25]} {[%emt 00:01:45]} 40. Kf2 {[%clk 00:00:58]} {[%emt 00:00:32]} e5
{[%clk 00:14:03]} {[%emt 00:00:51]} 41. Ke2 {[%clk 00:01:04]} {[%emt 00:00:23]}
Kf5 {[%clk 00:13:05]} {[%emt 00:01:28]} 42. Bf2 {[%clk 00:00:43]} {[%emt
00:00:52]} e4 {[%clk 00:09:48]} {[%emt 00:03:47]} 43. Be1 {[%clk 00:00:50]}
{[%emt 00:00:22]} Bd6 {[%clk 00:08:45]} {[%emt 00:01:33]} 44. Kf2 {[%clk
00:00:50]} {[%emt 00:00:30]} b4 {[%clk 00:06:06]} {[%emt 00:03:09]} 45. axb4
{[%clk 00:01:09]} {[%emt 00:00:11]} Bxb4 {[%clk 00:06:32]} {[%emt 00:00:05]} 46.
Kg2 {[%clk 00:01:01]} {[%emt 00:00:37]} Be7 {[%clk 00:04:55]} {[%emt 00:02:07]}
47. Kf2 {[%clk 00:01:04]} {[%emt 00:00:27]} Bd6 {[%clk 00:04:54]} {[%emt
00:00:32]} 48. Kg2 {[%clk 00:01:12]} {[%emt 00:00:22]} Ke6 {[%clk 00:04:51]}
{[%emt 00:00:34]} 49. fxe4 {[%clk 00:01:19]} {[%emt 00:00:23]} dxe4 {[%clk
00:04:51]} {[%emt 00:00:30]} 50. d5+ {[%clk 00:01:15]} {[%emt 00:00:33]} Bxd5
{[%clk 00:05:13]} {[%emt 00:00:08]} 51. Nxa4 {[%clk 00:01:27]} {[%emt
00:00:17]} Bb3 {[%clk 00:05:09]} {[%emt 00:00:35]} 52. Nc3 {[%clk 00:01:39]}
{[%emt 00:00:17]} Kf5 {[%clk 00:05:18]} {[%emt 00:00:21]} 53. Bf2 {[%clk
00:00:43]} {[%emt 00:01:26]} Be5 {[%clk 00:05:11]} {[%emt 00:00:37]} 54. Be1
{[%clk 00:00:51]} {[%emt 00:00:22]} gxh4 {[%clk 00:03:25]} {[%emt 00:02:16]} 55.
gxh4 {[%clk 00:01:16]} {[%emt 00:00:06]} Kg4 {[%clk 00:03:34]} {[%emt
00:00:21]} 56. Bf2 {[%clk 00:01:10]} {[%emt 00:00:36]} f5 {[%clk 00:03:43]}
{[%emt 00:00:21]} 57. Be1 {[%clk 00:00:51]} {[%emt 00:00:49]} Bf6 {[%clk
00:02:16]} {[%emt 00:01:57]} 58. Bd2 {[%clk 00:00:35]} {[%emt 00:00:47]} Bxh4
{[%clk 00:02:19]} {[%emt 00:00:26]} 59. Ne2 {[%clk 00:00:49]} {[%emt 00:00:15]}
Bf6 {[%clk 00:01:55]} {[%emt 00:00:54]} 60. Bc1 {[%clk 00:01:03]} {[%emt
00:00:15]} Be5 {[%clk 00:01:48]} {[%emt 00:00:38]} 61. Ng1 {[%clk 00:00:53]}
{[%emt 00:01:31]} Bd6 {[%clk 00:00:48]} {[%emt 00:01:31]} 62. Nh3 {[%clk
00:01:00]} {[%emt 00:00:22]} h4 {[%clk 00:00:43]} {[%emt 00:00:36]} 63. Nf2+
{[%clk 00:01:09]} {[%emt 00:00:19]} Kh5 {[%clk 00:00:46]} {[%emt 00:00:29]} 64.
Nh3 {[%clk 00:01:24]} {[%emt 00:00:13]} Bd1 {[%clk 00:00:42]} {[%emt 00:00:36]}
65. Bd2 {[%clk 00:01:13]} {[%emt 00:00:40]} Bf3+ {[%clk 00:00:36]} {[%emt
00:00:37]} 66. Kg1 {[%clk 00:01:17]} {[%emt 00:00:25]} Kg4 {[%clk 00:00:36]}
{[%emt 00:00:31]} 67. Nf2+ {[%clk 00:01:32]} {[%emt 00:00:15]} Kg3 {[%clk
00:00:38]} {[%emt 00:00:29]} 68. Be1 {[%clk 00:01:18]} {[%emt 00:00:43]} Bb8
{[%clk 00:00:33]} {[%emt 00:00:36]} 69. Nxe4+ {[%clk 00:01:00]} {[%emt
00:00:47]} Kg4 {[%clk 00:00:50]} {[%emt 00:00:12]} 70. Nf2+ {[%clk 00:01:17]}
{[%emt 00:00:13]} Kh5 {[%clk 00:00:53]} {[%emt 00:00:28]} 71. Nh3 {[%clk
00:01:32]} {[%emt 00:00:14]} Kg4 {[%clk 00:00:41]} {[%emt 00:00:44]} 72. Nf2+
{[%clk 00:01:50]} {[%emt 00:00:11]} Kh5 {[%clk 00:00:45]} {[%emt 00:00:26]} 73.
Nh3 {[%clk 00:02:13]} {[%emt 00:00:06]} Bc6 {[%clk 00:00:45]} {[%emt 00:00:30]}
74. Nf2 {[%clk 00:01:32]} {[%emt 00:01:11]} Ba7 {[%clk 00:00:45]} {[%emt
00:00:31]} 75. Bd2 {[%clk 00:01:40]} {[%emt 00:00:22]} Bc5 {[%clk 00:00:37]}
{[%emt 00:00:39]} 76. Nd3 {[%clk 00:01:09]} {[%emt 00:01:00]} Bd6 {[%clk
00:00:53]} {[%emt 00:00:14]} 77. Nf2 {[%clk 00:01:27]} {[%emt 00:00:11]} Bc5
{[%clk 00:00:42]} {[%emt 00:00:43]} 78. Nd3 {[%clk 00:01:47]} {[%emt 00:00:09]}
Bd6 {[%clk 00:01:11]} {[%emt 00:00:01]} 79. Nf2 {[%clk 00:02:12]} {[%emt
00:00:05]} Kg6 {[%clk 00:01:17]} {[%emt 00:00:24]} 80. Nh3 {[%clk 00:02:13]}
{[%emt 00:00:27]} Bg3 {[%clk 00:00:32]} {[%emt 00:01:17]} 81. Nf2 {[%clk
00:01:39]} {[%emt 00:01:04]} Kh5 {[%clk 00:00:39]} {[%emt 00:00:23]} 82. b4
{[%clk 00:00:47]} {[%emt 00:01:22]} Kg6 {[%clk 00:00:36]} {[%emt 00:00:33]} 83.
Nh3 {[%clk 00:00:52]} {[%emt 00:00:17]} Kf6 {[%clk 00:00:44]} {[%emt 00:00:30]}
84. Bc3+ {[%clk 00:00:56]} {[%emt 00:00:25]} Ke6 {[%clk 00:00:43]} {[%emt
00:00:30]} 85. Nf4+ {[%clk 00:00:57]} {[%emt 00:00:30]} Kd6 {[%clk 00:01:01]}
{[%emt 00:00:12]} 86. Kf1 {[%clk 00:00:50]} {[%emt 00:00:36]} Kc7 {[%clk
00:00:57]} {[%emt 00:00:36]} 87. Bd4 {[%clk 00:00:39]} {[%emt 00:00:42]} Kb7
{[%clk 00:00:38]} {[%emt 00:00:49]} 88. Kg1 {[%clk 00:00:48]} {[%emt 00:00:20]}
Ka6 {[%clk 00:00:53]} {[%emt 00:00:15]} 89. Bc5 {[%clk 00:00:48]} {[%emt
00:00:30]} Kb5 {[%clk 00:01:02]} {[%emt 00:00:22]} 90. Be7 {[%clk 00:00:47]}
{[%emt 00:00:29]} Bf3 {[%clk 00:00:52]} {[%emt 00:00:40]} 91. Ne6 {[%clk
00:00:40]} {[%emt 00:00:38]} Bg4 {[%clk 00:00:44]} {[%emt 00:00:37]} 92. Nf4
{[%clk 00:00:51]} {[%emt 00:00:19]} h3 {[%clk 00:00:39]} {[%emt 00:00:35]} 93.
Nxh3 {[%clk 00:00:34]} {[%emt 00:00:47]} Bxh3 {[%clk 00:01:01]} {[%emt
00:00:08]} 94. Bc5 {[%clk 00:00:43]} {[%emt 00:00:22]} Be1 {[%clk 00:01:07]}
{[%emt 00:00:23]} 95. Kh2 {[%clk 00:00:47]} {[%emt 00:00:26]} Bf1 {[%clk
00:01:13]} {[%emt 00:00:23]} 96. Bd6 {[%clk 00:00:37]} {[%emt 00:00:41]} Bd3
{[%clk 00:01:16]} {[%emt 00:00:28]} 97. Kg2 {[%clk 00:00:53]} {[%emt 00:00:12]}
Be4+ {[%clk 00:01:33]} {[%emt 00:00:14]} 98. Kf1 {[%clk 00:01:04]} {[%emt
00:00:19]} Bxb4 {[%clk 00:01:58]} {[%emt 00:00:05]} 99. Bf4 {[%clk 00:00:42]}
{[%emt 00:00:52]} Kc4 {[%clk 00:02:17]} {[%emt 00:00:12]} 100. Ke2 {[%clk
00:00:40]} {[%emt 00:00:31]} Kd5 {[%clk 00:02:26]} {[%emt 00:00:20]} 101. Kf2
{[%clk 00:00:41]} {[%emt 00:00:30]} Bc2 {[%clk 00:02:30]} {[%emt 00:00:26]} 102.
Ke2 {[%clk 00:00:49]} {[%emt 00:00:21]} Ke4 {[%clk 00:02:51]} {[%emt 00:00:09]}
103. Bh6 {[%clk 00:00:53]} {[%emt 00:00:26]} Ba4 {[%clk 00:02:59]} {[%emt
00:00:23]} 104. Bf4 {[%clk 00:01:02]} {[%emt 00:00:19]} Bb5+ {[%clk 00:03:13]}
{[%emt 00:00:17]} 105. Kf2 {[%clk 00:01:07]} {[%emt 00:00:25]} Be7 {[%clk
00:03:33]} {[%emt 00:00:10]} 106. Bh6 {[%clk 00:00:40]} {[%emt 00:00:56]} Bh4+
{[%clk 00:03:52]} {[%emt 00:00:12]} 107. Kg2 {[%clk 00:00:55]} {[%emt
00:00:10]} Be2 {[%clk 00:04:03]} {[%emt 00:00:23]} 108. Bf4 {[%clk 00:00:49]}
{[%emt 00:00:36]} Bf3+ {[%clk 00:03:52]} {[%emt 00:00:43]} 109. Kf1 {[%clk
00:00:58]} {[%emt 00:00:20]} Bd1 {[%clk 00:01:44]} {[%emt 00:02:39]} 110. Kg2
{[%clk 00:00:59]} {[%emt 00:00:28]} Bf3+ {[%clk 00:01:02]} {[%emt 00:01:13]}
111. Kf1 {[%clk 00:01:14]} {[%emt 00:00:15]} Kd3 {[%clk 00:01:16]} {[%emt
00:00:16]} 112. Bh6 {[%clk 00:01:20]} {[%emt 00:00:24]} Bg3 {[%clk 00:00:40]}
{[%emt 00:01:06]} 113. Bg5 {[%clk 00:01:13]} {[%emt 00:00:37]} Ke4 {[%clk
00:00:46]} {[%emt 00:00:24]} 114. Bh6 {[%clk 00:01:17]} {[%emt 00:00:25]} Bh5
{[%clk 00:00:36]} {[%emt 00:00:41]} 115. Kg2 {[%clk 00:00:54]} {[%emt
00:00:52]} Bh4 {[%clk 00:00:49]} {[%emt 00:00:18]} 116. Bf4 {[%clk 00:00:55]}
{[%emt 00:00:29]} Be8 {[%clk 00:00:44]} {[%emt 00:00:35]} 117. Bh6 {[%clk
00:00:41]} {[%emt 00:00:43]} Bc6 {[%clk 00:01:01]} {[%emt 00:00:14]} 118. Bf4
{[%clk 00:00:45]} {[%emt 00:00:23]} Be7 {[%clk 00:00:32]} {[%emt 00:01:02]} 119.
Kf2 {[%clk 00:00:50]} {[%emt 00:00:23]} Bc5 {[%clk 00:00:34]} {[%emt 00:00:29]}
120. Ke2 {[%clk 00:00:42]} {[%emt 00:00:37]} Be7 {[%clk 00:00:34]} {[%emt
00:00:33]} 121. Kf2 {[%clk 00:01:01]} {[%emt 00:00:09]} Bf6 {[%clk 00:00:51]}
{[%emt 00:00:14]} 122. Ke2 {[%clk 00:00:59]} {[%emt 00:00:31]} Be5 {[%clk
00:01:14]} {[%emt 00:00:08]} 123. Bh6 {[%clk 00:00:57]} {[%emt 00:00:31]} Bg3
{[%clk 00:01:38]} {[%emt 00:00:07]} 124. Bg5 {[%clk 00:00:37]} {[%emt
00:00:49]} Bb5+ {[%clk 00:02:02]} {[%emt 00:00:07]} 125. Kd2 {[%clk 00:00:53]}
{[%emt 00:00:12]} Bd6 {[%clk 00:02:04]} {[%emt 00:00:29]} 126. Kc3 {[%clk
00:00:32]} {[%emt 00:00:51]} Bc5 {[%clk 00:02:17]} {[%emt 00:00:18]} 127. Kd2
{[%clk 00:00:51]} {[%emt 00:00:11]} Bb4+ {[%clk 00:02:41]} {[%emt 00:00:05]}
128. Kd1 {[%clk 00:00:42]} {[%emt 00:00:40]} Kd3 {[%clk 00:03:04]} {[%emt
00:00:06]} 129. Bh6 {[%clk 00:00:38]} {[%emt 00:00:34]} Ba4+ {[%clk 00:03:28]}
{[%emt 00:00:07]} 130. Kc1 {[%clk 00:00:56]} {[%emt 00:00:12]} Bd2+ {[%clk
00:03:52]} {[%emt 00:00:06]}  0-1

[Event "Storsjodraget 2022"]
[Site "Ostersund"]
[Date "2022.06.12"]
[Round "6"]
[Board "1"]
[White "Akesson, Ralf"]
[Black "Larkin, Vladyslav"]
[Result "1-0"]
[WhiteElo "2421"]
[BlackElo "2430"]
[PlyCount "0"]
[EventDate "2022.06.10"]
[EventRounds "7"]
[EventCountry "SWE"]

1. d4 {[%clk 01:30:56]} {[%emt 00:00:03]} Nf6 {[%clk 01:28:58]} {[%emt
00:02:02]} 2. Nf3 {[%clk 01:30:54]} {[%emt 00:00:33]} e6 {[%clk 01:28:58]}
{[%emt 00:00:31]} 3. c4 {[%clk 01:31:05]} {[%emt 00:00:18]} Bb4+ {[%clk
01:29:05]} {[%emt 00:00:23]} 4. Bd2 {[%clk 01:30:49]} {[%emt 00:00:45]} a5
{[%clk 01:28:34]} {[%emt 00:01:02]} 5. g3 {[%clk 01:30:30]} {[%emt 00:00:48]}
d6 {[%clk 01:28:58]} {[%emt 00:00:06]} 6. Bg2 {[%clk 01:30:11]} {[%emt
00:00:49]} Nbd7 {[%clk 01:29:23]} {[%emt 00:00:05]} 7. O-O {[%clk 01:28:55]}
{[%emt 00:01:46]} e5 {[%clk 01:29:49]} {[%emt 00:00:04]} 8. Nc3 {[%clk
01:22:11]} {[%emt 00:07:15]} exd4 {[%clk 01:26:19]} {[%emt 00:04:00]} 9. Nxd4
{[%clk 01:22:23]} {[%emt 00:00:18]} O-O {[%clk 01:25:38]} {[%emt 00:01:11]} 10.
Nd5 {[%clk 01:14:03]} {[%emt 00:08:49]} Bxd2 {[%clk 01:24:48]} {[%emt
00:01:22]} 11. Qxd2 {[%clk 01:14:25]} {[%emt 00:00:08]} c6 {[%clk 01:24:20]}
{[%emt 00:00:58]} 12. Nxf6+ {[%clk 01:12:57]} {[%emt 00:01:57]} Nxf6 {[%clk
01:22:42]} {[%emt 00:02:08]} 13. Rfd1 {[%clk 01:12:27]} {[%emt 00:01:00]} Qb6
{[%clk 01:21:52]} {[%emt 00:01:20]} 14. Qc2 {[%clk 01:09:08]} {[%emt 00:03:48]}
Re8 {[%clk 01:04:31]} {[%emt 00:17:51]} 15. Rd2 {[%clk 01:08:08]} {[%emt
00:01:30]} a4 {[%clk 00:54:32]} {[%emt 00:10:29]} 16. Rad1 {[%clk 01:04:46]}
{[%emt 00:03:51]} Qc5 {[%clk 00:54:57]} {[%emt 00:00:06]} 17. e4 {[%clk
00:58:02]} {[%emt 00:07:14]} Bg4 {[%clk 00:54:14]} {[%emt 00:01:13]} 18. f3
{[%clk 00:56:53]} {[%emt 00:01:39]} Bh5 {[%clk 00:53:36]} {[%emt 00:01:09]} 19.
Kh1 {[%clk 00:55:21]} {[%emt 00:02:02]} Bg6 {[%clk 00:53:26]} {[%emt 00:00:39]}
20. Qc1 {[%clk 00:44:17]} {[%emt 00:11:34]} d5 {[%clk 00:45:38]} {[%emt
00:08:18]} 21. cxd5 {[%clk 00:43:35]} {[%emt 00:01:13]} Qxc1 {[%clk 00:46:04]}
{[%emt 00:00:04]} 22. Rxc1 {[%clk 00:43:59]} {[%emt 00:00:05]} cxd5 {[%clk
00:46:31]} {[%emt 00:00:03]} 23. exd5 {[%clk 00:43:42]} {[%emt 00:00:47]} Ra5
{[%clk 00:38:21]} {[%emt 00:08:40]} 24. f4 {[%clk 00:35:35]} {[%emt 00:08:36]}
Be4 {[%clk 00:24:04]} {[%emt 00:14:48]} 25. Bxe4 {[%clk 00:33:21]} {[%emt
00:02:45]} Nxe4 {[%clk 00:24:28]} {[%emt 00:00:05]} 26. Re2 {[%clk 00:32:29]}
{[%emt 00:01:22]} Kf8 {[%clk 00:22:09]} {[%emt 00:02:50]} 27. Ne6+ {[%clk
00:23:58]} {[%emt 00:09:01]} fxe6 {[%clk 00:22:33]} {[%emt 00:00:06]} 28. Rxe4
{[%clk 00:24:21]} {[%emt 00:00:06]} exd5 {[%clk 00:18:23]} {[%emt 00:04:40]} 29.
Rb4 {[%clk 00:23:37]} {[%emt 00:01:13]} Re7 {[%clk 00:17:57]} {[%emt 00:00:57]}
30. a3 {[%clk 00:22:52]} {[%emt 00:01:15]} Kf7 {[%clk 00:17:28]} {[%emt
00:01:00]} 31. Kg2 {[%clk 00:22:54]} {[%emt 00:00:27]} Rd7 {[%clk 00:15:58]}
{[%emt 00:02:01]} 32. Kf3 {[%clk 00:22:21]} {[%emt 00:01:02]} Ra6 {[%clk
00:13:01]} {[%emt 00:03:27]} 33. Rc2 {[%clk 00:21:14]} {[%emt 00:01:37]} Ke6
{[%clk 00:11:57]} {[%emt 00:01:34]} 34. Rd2 {[%clk 00:19:23]} {[%emt 00:02:21]}
Kd6 {[%clk 00:11:45]} {[%emt 00:00:42]} 35. Rdd4 {[%clk 00:19:04]} {[%emt
00:00:49]} Kc5 {[%clk 00:11:19]} {[%emt 00:00:56]} 36. Rxa4 {[%clk 00:18:56]}
{[%emt 00:00:38]} Rxa4 {[%clk 00:11:44]} {[%emt 00:00:06]} 37. Rxa4 {[%clk
00:19:20]} {[%emt 00:00:05]} Re7 {[%clk 00:09:57]} {[%emt 00:02:17]} 38. Ra8
{[%clk 00:16:57]} {[%emt 00:02:53]} Kc4 {[%clk 00:09:48]} {[%emt 00:00:39]} 39.
Rd8 {[%clk 00:15:14]} {[%emt 00:02:12]} d4 {[%clk 00:09:53]} {[%emt 00:00:27]}
40. f5 {[%clk 00:15:15]} {[%emt 00:00:29]} Re3+ {[%clk 00:10:19]} {[%emt
00:00:04]} 41. Kf4 {[%clk 00:15:00]} {[%emt 00:00:44]} Re2 {[%clk 00:07:46]}
{[%emt 00:03:03]} 42. Rd7 {[%clk 00:14:15]} {[%emt 00:01:14]} Rxb2 {[%clk
00:04:57]} {[%emt 00:03:20]} 43. Rxg7 {[%clk 00:13:56]} {[%emt 00:00:49]} Rxh2
{[%clk 00:03:09]} {[%emt 00:02:18]} 44. Rc7+ {[%clk 00:12:12]} {[%emt
00:02:13]} Kd3 {[%clk 00:01:11]} {[%emt 00:02:30]} 45. Rxb7 {[%clk 00:12:27]}
{[%emt 00:00:14]} Rf2+ {[%clk 00:00:36]} {[%emt 00:01:05]} 46. Kg5 {[%clk
00:12:11]} {[%emt 00:00:46]} h6+ {[%clk 00:01:01]} {[%emt 00:00:06]} 47. Kg6
{[%clk 00:12:24]} {[%emt 00:00:16]} Rg2 {[%clk 00:00:48]} {[%emt 00:00:44]} 48.
Kxh6 {[%clk 00:10:09]} {[%emt 00:02:44]} Kc2 {[%clk 00:00:35]} {[%emt
00:00:43]} 49. Rc7+ {[%clk 00:08:31]} {[%emt 00:02:08]} Kd2 {[%clk 00:00:55]}
{[%emt 00:00:10]} 50. f6 {[%clk 00:07:22]} {[%emt 00:01:40]} Rxg3 {[%clk
00:01:21]} {[%emt 00:00:04]} 51. f7 {[%clk 00:07:46]} {[%emt 00:00:06]} Rf3
{[%clk 00:01:24]} {[%emt 00:00:26]} 52. Kg7 {[%clk 00:08:11]} {[%emt 00:00:05]}
Rg3+ {[%clk 00:01:49]} {[%emt 00:00:06]} 53. Kf6 {[%clk 00:08:35]} {[%emt
00:00:05]} Rxa3 {[%clk 00:01:04]} {[%emt 00:01:16]} 54. Ke5 {[%clk 00:07:26]}
{[%emt 00:01:37]} Rc3 {[%clk 00:00:34]} {[%emt 00:01:01]} 55. Ra7 {[%clk
00:06:22]} {[%emt 00:01:34]}  1-0